=LDR 00000nam 2200000 4500 =001 INLIS000000000021342 =005 20130612120216 =008 ***********************************Ind** =035 ##$$0010-061300000021342 =041 ##$$a Ind =082 ##$$a 959.8 =090 ##$$a 959.8, Sud p =100 ##$$a Sudiro =245 ##$$a Pengalaman Saya Sekitar 17 Agustus 1945, Ceramah yang diucapkan di depan Lembaga Pembina Siswa 45 Jakarta, Awal September 1972, Sudiro =260 ##$$a 1975 $b Jakarta =300 ##$$a 40 hlm, Ilus, 21 cm =650 ##$$a Indonesia-Sejarah =850 ##$$a NBPNMAT